World HIstory: (Record no. 183298)

MARC details
000 -LEADER
fixed length control field 00670 a2200193 4500
005 - DATE AND TIME OF LATEST TRANSACTION
control field 20211222130756.0
010 ## - LCCN (DPL NO)
LC control number ENG-130491
020 ## - INTERNATIONAL STANDARD BOOK NUMBER
International Standard Book Number 978-93-5460-018-0
Terms of availability 348.00
035 ## - SYSTEM CONTROL NUMBER
System control number EN-114023
037 ## - SOURCE OF ACQUISITION
Source of stock number/acquisition DBAD/PUB
082 ## - DEWEY DECIMAL CLASSIFICATION NUMBER
Classification number 909
Item number 1
Edition number 2nd Ed.
100 ## - MAIN ENTRY--PERSONAL NAME
Personal name Reddy, Krishna
245 ## - TITLE STATEMENT
Title World HIstory:
Remainder of title A Comprehensive Study Of The Modern World/
Statement of responsibility, etc Krishna Reddy, Ajay Kumar C.M
260 ## - PUBLICATION, DISTRIBUTION, ETC. (IMPRINT)
Place of publication, distribution, etc Chennai
Name of publisher, distributor, etc McGraw Hill Education Private Limited
Date of publication, distribution, etc 2020
270 ## - ADDRESS
Address 441/1,Sri Ekambara Naicker Industrial Estate, Alapakkam Porur
City Chennai
Postal code 600116
300 ## - PHYSICAL DESCRIPTION
Extent xv,400p.
Dimensions 24cm (pbk)
700 ## - ADDED ENTRY--PERSONAL NAME
Personal name M., Ajay Kumar C.
942 ## - ADDED ENTRY ELEMENTS (KOHA)
Institution code [OBSOLETE] dpl
Item type English Books
Source of classification or shelving scheme Dewey Decimal Classification
Classification part 909
Call number suffix RED
Holdings
Withdrawn status Lost status Not for loan Collection code Home library Current library Date acquired Source of acquisition Cost, normal purchase price Full call number Barcode Copy number Cost, replacement price Koha item type
      Non-fiction Patel Nagar Patel Nagar 22/12/2021 DBAD/PUB 445.00 909 RED EN-114023 1 445.00 English Books

© Delhi Public Library
Hit Counter
free hit counter